Tilastot visalle Indonesia-visa

Klikkaa tästä pelataksesi tätä visaa!

Yleistilastot

  • Tätä visaa on pelattu 78 kertaa
  • Keskiarvotulos 14 / 24

Vastaustilastot

VihjeVastaus% Oikein
PääkaupunkiJakarta
93%
Indonesian naapurimaatMalesia
89%
Indonesia kärsi 130 000 kuolemaa tämän tyyppisen onnettomuuden vuoksi 2004Tsunami
86%
87,2 % indonesialaisista kuuluu tähän uskontoonIslam
84%
Indonesian naapurimaatPapua-Uusi-Guinea
82%
Indonesian naapurimaatItä-Timor
80%
Kuuluisin lomakohdesaariBali
73%
Suurimmat saaretJaava
68%
Suurimmat saaretBorneo
59%
Suurimmat saaretSumatra
57%
Indonesiassa on tämän suuren apinan suurin populaatioOrangi
55%
Indonesian kolonisoinut valtioAlankomaat
54%
Kansalliseläin{Komodon}varaani
54%
Suurimmat saaretSulawesi
52%
Rafflesia arnoldii on maailman suurin ja mahdollisesti pahanhajuisin tälläinenKukka
48%
Suuret 1800-luvun tulivuorenpurkaukset (nimeä kumpi tahansa)Krakatau | Tambora
46%
Borobudur on maailman suurin tälläinen{Buddhalainen} pyhäkkö
46%
Suurimmat saaretUusi-Guinea
41%
Ylläolevan pääkaupunkiDenpasar
39%
Indonesian kaksi ensimmäistä presidenttiä (nimeä kumpi tahansa)Sukarno | Suharto
36%
Kuuluisa vientituote 1600-1700-luvuillaMausteet
36%
ValuuttaRupia
34%
Ylläolevan lempinimi (vihje: haiseva hedelmä)Suuri {durio}
32%
Supertulivuori, joka purkautui 74 000 vuotta sitten, mikä melkein johti ihmisten sukupuuttoon{Toba}järvi
30%

Tulosjakauma

Persentiili vastausten määrän mukaan

Jokaisen tuloksen saaneiden osuus

Tuloshistoriasi

Et ole pelannut tätä visaa